LEADER 01341nam a2200277 u 4500 001 000000111063 003 CaOOAMICUS 005 20090512145702.0 008 080407s2007 enk u000 u eng u 020 $z978-0-415-40185-2* 040 $aPUL$bita$dLDB 245 00$aInternational relations and security in the digital age /$cedited by Johan Eriksson and Giampiero Giacomello. 260 $aLondon :$bRoutledge,$cc2007. 300 $axx, 230 p. ;$c23 cm. 490 1 $aRoutledge advances in international relations and global politics ;$v52 504 $aBibliografia in nota. 650 4$aInformazione$xProtezione.$0(OLS)http://pul/subject/34293 700 1 $aGiacomello, Giampiero,$d1959-$0(OLS)http://pul/name/68136 700 1 $aEriksson, Johan,$d1967-$0(OLS)http://pul/name/68135 830 0$aRoutledge advances in international relations and global politics ;$v52.$0(OLS)http://pul/title/138332 850 $aPUL 852 $aPUL$W1$xSL Diritto e Scienze Sociali 3$y79$m327. 10 ERIJO 1$j127319$qDDC 21$B126026$CPULBib$Z2$F126026 $H106835 $82 941 1 $a9 996 $6020$z978-0-415-40185-2*$9(OLS)http://pul/number/137643 996 $6245$aInternational relations and security in the digital age$9(OLS)http://pul/title/139625 996 $6260$aLondon :$bRoutledge$9(OLS)http://pul/publisher/67032 LEADER 01226nam a2200241 i 4500 001 000000131598 003 CaOOAMICUS 005 20121123125317.0 008 121123s2002 it m 000 0 eng d 040 $aPUG$bita$dPUL 100 1 $aKasirye, Kato Andrew.$0(OLS)http://pul/name/84681 245 10$aAuthority and the power of governance in Institutes of consecrated life and Societies of apostolic life :$ba juridical-theological study of c. 596 /$cKato Andrew Kasirye. 260 $aRoma :$b[s.n.],$c2002. 300 $aviii, 175 p.$c24 cm 502 $aEstratto da dissertazione: Pontificia Universitas Urbaniana. Facultas Iuris Canonici, 2002. 504 $aBibliografia: pp. 143-171. 710 2 $aPontificia Universitą Urbaniana.$bFacoltą di diritto canonico$kTesi.$0(OLS)http://pul/name/84567 850 $aPUL 852 $aPUL$W1$xDP1 Tesi Pon. Univ. Urbaniana$y49$m2002 C 7$j151420$qTesi$B150819$CPULBib$Z2$F150819 $82 941 1 $a16 996 $6245$aAuthority and the power of governance in Institutes of consecrated life and Societies of apostolic life :$ba juridical-theological study of c. 596$9(OLS)http://pul/title/166246 996 $6260$aRoma :$b[s.n.]$9(OLS)http://pul/publisher/47958